00268nam a2200109Ia 4500008004100000041001200041082001100053100001600064245006600080260000600146650000600152221030s9999 xx 000 0 und d aEnglish a105.23 aB. P. Lathi 0aModern Digital & Analog Communication Systemscby B. P. Lathi c0 aB